[Event "Voronezh Winter op"]
[Site "Voronezh"]
[Date "2013.01.20"]
[Round "4"]
[White "Koshelev, Vladimir"]
[Black "Ivanov, Vladimir Vlad"]
[Result "1-0"]
[WhiteElo "1943"]
[BlackElo "1825"]
[PlyCount "73"]
[EventDate "2013.01.15"]
[EventType "swiss"]
[EventRounds "9"]
[EventCountry "RUS"]
[SourceTitle "EXT 2014"]
[Source "ChessBase"]
[SourceDate "2013.11.20"]
[SourceVersion "1"]
[SourceVersionDate "2013.11.20"]
[SourceQuality "1"]

1. a3 e5 2. d4 exd4 3. Nf3 c5 4. c3 Nf6 5. cxd4 d5 6. e3 c4 7. Nc3 Be7 8. Be2 0-0 9. 0-0 Nc6 10. b4 h6 11. Qc2 a6 12. Bb2 b5 13. Rad1 Bg4 14. Ne5 Qc8 15. Bxg4 Nxg4 16. Nxg4 Qxg4 17. Nxd5 Bd6 18. e4 Rad8 19. Ne3 Qf4 20. e5 Bb8 21. g3 Qf3 22. Rfe1 Ba7 23. d5 Ne7 24. d6 Nc6 25. Qf5 Qxf5 26. Nxf5 Rfe8 27. Kg2 Kh7 28. f4 g5 29. Kf3 Kg6 30. g4 Re6 31. Nd4 Bxd4 32. f5+ Kg7 33. Bxd4 Nxd4+ 34. Rxd4 Ree8 35. d7 Rf8 36. Rd6 Kh7 37. Red1 1-0

[Event "Voronezh Winter op"]
[Site "Voronezh"]
[Date "2013.01.19"]
[Round "3"]
[White "Ivanov, Vladimir Vlad"]
[Black "Malin, Alexey"]
[Result "1/2-1/2"]
[WhiteElo "1825"]
[BlackElo "1643"]
[PlyCount "90"]
[EventDate "2013.01.15"]
[EventType "swiss"]
[EventRounds "9"]
[EventCountry "RUS"]
[SourceTitle "EXT 2014"]
[Source "ChessBase"]
[SourceDate "2013.11.20"]
[SourceVersion "1"]
[SourceVersionDate "2013.11.20"]
[SourceQuality "1"]

1. e4 d6 2. d4 Nf6 3. Nc3 g6 4. f4 Bg7 5. Nf3 0-0 6. Be2 Bd7 7. 0-0 c5 8. dxc5 dxc5 9. Ng5 h6 10. Nf3 Qb6 11. e5 c4+ 12. Qd4 Nh7 13. Qxb6 axb6 14. Bxc4 Rc8 15. Bd3 e6 16. Be3 b5 17. Rfc1 b4 18. Ne4 Bf8 19. Nfd2 Bc6 20. b3 Nd7 21. Nc4 Bd5 22. Ncd6 Bxd6 23. Nxd6 Rc7 24. Bd2 Nc5 25. Bxb4 Rxa2 26. Bxc5 Rxa1 27. Rxa1 Rxc5 28. Ra8+ Nf8 29. c4 b6 30. cxd5 exd5 31. Rc8 Ra5 32. Rc6 Ne6 33. f5 Nf4 34. Rc8+ Kh7 35. fxg6+ fxg6 36. Rc7+ Kg8 37. Bf1 d4 38. g3 d3 39. gxf4 d2 40. Bc4+ Kf8 41. Rf7+ Kg8 42. Rf6+ Kh7 43. Rf7+ Kg8 44. Rf6+ Kh7 45. Rf7+ Kg8 1/2-1/2

[Event "Karelian Autumn"]
[Site "Petrozavodsk"]
[Date "2012.10.20"]
[Round "9"]
[White "Sergeev, Alexey B"]
[Black "Ivanov, Vladimir Vlad"]
[Result "1-0"]
[WhiteElo "2066"]
[BlackElo "1953"]
[PlyCount "49"]
[EventDate "2012.10.14"]
[EventType "swiss"]
[EventRounds "9"]
[EventCountry "RUS"]
[SourceTitle "EXT 2013"]
[Source "ChessBase"]
[SourceDate "2012.11.22"]
[SourceVersion "1"]
[SourceVersionDate "2012.11.22"]
[SourceQuality "1"]

1. e4 c5 2. c3 d5 3. exd5 Qxd5 4. Nf3 e5 5. d4 cxd4 6. cxd4 Nc6 7. Nc3 Bb4 8. dxe5 Qxd1+ 9. Kxd1 Bg4 10. Be3 0-0-0+ 11. Kc2 Bf5+ 12. Kb3 Be7 13. Bb5 Be6+ 14. Ka4 a6 15. Bxc6 bxc6 16. Bb6 Rd7 17. Nd4 Kb7 18. Nxe6 Kxb6 19. Nxg7 Nh6 20. Rad1 Rxd1 21. Rxd1 Rg8 22. Rd7 Bc5 23. b4 Bxb4 24. Kxb4 a5+ 25. Kc4 1-0

[Event "Karelian Autumn"]
[Site "Petrozavodsk"]
[Date "2012.10.14"]
[Round "2"]
[White "Ivanov, Vladimir Vlad"]
[Black "Velikodvorskaya, Regina"]
[Result "1-0"]
[WhiteElo "1953"]
[BlackElo "1703"]
[PlyCount "65"]
[EventDate "2012.10.14"]
[EventType "swiss"]
[EventRounds "9"]
[EventCountry "RUS"]
[SourceTitle "EXT 2013"]
[Source "ChessBase"]
[SourceDate "2012.11.22"]
[SourceVersion "1"]
[SourceVersionDate "2012.11.22"]
[SourceQuality "1"]

1. c4 e6 2. Nc3 g6 3. d4 d5 4. Nf3 Bg7 5. Bg5 Ne7 6. Bxe7 Qxe7 7. cxd5 0-0 8. dxe6 Bxe6 9. e3 Rd8 10. Bb5 c5 11. 0-0 Bg4 12. d5 a6 13. Be2 b5 14. a3 c4 15. h3 Bc8 16. Nd4 Qc5 17. Bf3 Bxd4 18. exd4 Qb6 19. Re1 Ra7 20. Qd2 Kg7 21. Re4 Qf6 22. Rf4 Qe7 23. Re1 Qf8 24. Rh4 Kg8 25. Qf4 Bf5 26. g4 Bd3 27. g5 Re7 28. Re3 Rde8 29. d6 Rxe3 30. fxe3 Rd8 31. Nd5 h5 32. Ne7+ Kh7 33. Bxh5 1-0

[Event "Voronezh op 06"]
[Site "Voronezh"]
[Date "2012.06.29"]
[Round "4"]
[White "Krylovetsky, Dmitry"]
[Black "Ivanov, Vladimir Vlad"]
[Result "0-1"]
[WhiteElo "1924"]
[BlackElo "2145"]
[PlyCount "95"]
[EventDate "2012.06.26"]
[EventType "swiss"]
[EventRounds "9"]
[EventCountry "RUS"]
[SourceTitle "EXT 2013"]
[Source "ChessBase"]
[SourceDate "2012.11.22"]
[SourceVersion "1"]
[SourceVersionDate "2012.11.22"]
[SourceQuality "1"]

1. c4 e6 2. Nc3 Nf6 3. d4 d5 4. Bg5 Be7 5. e3 0-0 6. Nf3 Ne4 7. Bxe7 Qxe7 8. Bd3 Nxc3 9. bxc3 b6 10. 0-0 dxc4 11. Bxc4 Bb7 12. Re1 Nd7 13. Bd3 e5 14. Bf5 e4 15. Nd2 g6 16. Bh3 f5 17. g3 c5 18. Qb3+ Qf7 19. Red1 Rfc8 20. Bf1 Bd5 21. c4 Bb7 22. Bg2 Rd8 23. f3 exf3 24. Bxf3 Bxf3 25. Nxf3 Qe7 26. Re1 Qe4 27. Nd2 Qg4 28. Qd1 Qxd1 29. Raxd1 Re8 30. Kf2 cxd4 31. exd4 Rxe1 32. Rxe1 Kf7 33. Nf3 h6 34. Ke3 Re8+ 35. Kf4 Rxe1 36. Nxe1 Kf6 37. Nd3 g5+ 38. Ke3 a5 39. c5 bxc5 40. dxc5 Ne5 41. h4 Ke6 42. Nxe5 Kxe5 43. c6 Kd6 44. c7 Kxc7 45. Kd4 gxh4 46. gxh4 Kd6 47. Ke3 Ke5 48. Kf3 0-1

[Event "Karelia-ch 65th"]
[Site "Kondopoga"]
[Date "2012.02.22"]
[Round "2"]
[White "Ivanov, Vladimir Vlad"]
[Black "Vikulin, Alexander A"]
[Result "0-1"]
[WhiteElo "1974"]
[BlackElo "1733"]
[PlyCount "60"]
[EventDate "2012.02.21"]
[EventType "swiss"]
[EventRounds "9"]
[EventCountry "RUS"]
[SourceTitle "EXT 2013"]
[Source "ChessBase"]
[SourceDate "2012.11.22"]
[SourceVersion "1"]
[SourceVersionDate "2012.11.22"]
[SourceQuality "1"]

1. Nf3 d6 2. d4 Nd7 3. Bf4 g6 4. e4 Bg7 5. c3 Ngf6 6. Bd3 0-0 7. h3 c6 8. 0-0 Qb6 9. Qd2 Re8 10. Na3 Nh5 11. Be3 Qc7 12. Rad1 e5 13. Qc2 Nf8 14. Bc4 b5 15. Bb3 a5 16. Ng5 d5 17. Nxb5 cxb5 18. Bxd5 Be6 19. Bxa8 Rxa8 20. d5 Bd7 21. Nf3 Ra6 22. b3 h6 23. Nd2 f5 24. f3 Ng3 25. Rfe1 f4 26. Bf2 h5 27. c4 Qc8 28. Kh2 h4 29. c5 Rf6 30. Rc1 Nh7 0-1

[Event "Karelia-ch 65th"]
[Site "Kondopoga"]
[Date "2012.02.21"]
[Round "1"]
[White "Dzhangobegov, Vladimir"]
[Black "Ivanov, Vladimir Vlad"]
[Result "1-0"]
[WhiteElo "2343"]
[BlackElo "1974"]
[PlyCount "61"]
[EventDate "2012.02.21"]
[EventType "swiss"]
[EventRounds "9"]
[EventCountry "RUS"]
[SourceTitle "EXT 2013"]
[Source "ChessBase"]
[SourceDate "2012.11.22"]
[SourceVersion "1"]
[SourceVersionDate "2012.11.22"]
[SourceQuality "1"]

1. e4 c5 2. Nf3 Nc6 3. Nc3 d6 4. Bc4 g6 5. d4 cxd4 6. Nxd4 Bg7 7. Be3 Nf6 8. h3 0-0 9. Bb3 Nd7 10. 0-0 a6 11. f4 Rb8 12. Qd2 Nxd4 13. Bxd4 Bxd4+ 14. Qxd4 Qb6 15. Qxb6 Nxb6 16. f5 e6 17. Rad1 Rd8 18. fxe6 fxe6 19. Rf6 Kg7 20. Rdf1 Re8 21. a4 Nd7 22. Rxe6 Rxe6 23. Bxe6 Ne5 24. Bb3 b5 25. Rd1 Nc4 26. axb5 axb5 27. Rd5 Nxb2 28. Rxb5 Ra8 29. Kf2 Kf6 30. e5+ dxe5 31. Bd5 1-0

[Event "Voronezh Winter op"]
[Site "Voronezh"]
[Date "2012.01.12"]
[Round "2"]
[White "Chernyshov, Mikhail"]
[Black "Ivanov, Vladimir Vlad"]
[Result "1/2-1/2"]
[WhiteElo "1710"]
[BlackElo "2175"]
[PlyCount "80"]
[EventDate "2012.01.11"]
[EventType "swiss"]
[EventRounds "7"]
[EventCountry "RUS"]
[SourceTitle "EXT 2013"]
[Source "ChessBase"]
[SourceDate "2012.11.22"]
[SourceVersion "1"]
[SourceVersionDate "2012.11.22"]
[SourceQuality "1"]

1. e4 c5 2. Nf3 Nc6 3. d4 cxd4 4. Nxd4 Nf6 5. Nc3 e6 6. Bf4 d6 7. Ndb5 e5 8. Bg5 a6 9. Na3 Be7 10. Bxf6 Bxf6 11. Nd5 0-0 12. c3 b5 13. Nc2 Bg5 14. g3 Ne7 15. Ncb4 Bb7 16. h4 Nxd5 17. Nxd5 Bxd5 18. Qxd5 Be7 19. Bh3 Qb6 20. 0-0 Qc5 21. Qd3 Rfd8 22. Rad1 Qc4 23. Qxc4 bxc4 24. Rd5 Rab8 25. Rb1 Rb5 26. Bf1 Rxd5 27. exd5 Rc8 28. Re1 Rb8 29. Bxc4 Rxb2 30. Bb3 f5 31. c4 a5 32. Ra1 g5 33. c5 gxh4 34. c6 Bd8 35. gxh4 Bb6 36. Rf1 a4 37. Bxa4 Rxa2 38. Bb3 Rb2 39. Bc4 Kf8 40. Kg2 Ke7 1/2-1/2

[Event "Karelian Autumn"]
[Site "Petrozavodsk"]
[Date "2011.10.13"]
[Round "7"]
[White "Ivanov, Vladimir Vlad"]
[Black "Burdukov, Albert G"]
[Result "1-0"]
[WhiteElo "2007"]
[BlackElo "1884"]
[PlyCount "37"]
[EventDate "2011.10.08"]
[EventType "swiss"]
[EventRounds "9"]
[EventCountry "RUS"]
[SourceTitle "EXT 2012"]
[Source "ChessBase"]
[SourceDate "2011.11.24"]
[SourceVersion "1"]
[SourceVersionDate "2011.11.24"]
[SourceQuality "1"]

1. Nf3 c5 2. b3 d5 3. Bb2 f6 4. d3 e5 5. Nbd2 Ne7 6. g3 Be6 7. Bg2 Qd7 8. e3 Nec6 9. a3 Na6 10. 0-0 Bh3 11. Nxe5 fxe5 12. Qh5+ g6 13. Qxh3 0-0-0 14. Qxd7+ Kxd7 15. Bxd5 Bd6 16. Nc4 Nc7 17. Bxc6+ Kxc6 18. Bxe5 Bxe5 19. Nxe5+ 1-0

[Event "RUS-ch Seniors"]
[Site "Odintsovo"]
[Date "2011.04.24"]
[Round "6"]
[White "Gorshkov, Yuri"]
[Black "Ivanov, Vladimir Vlad"]
[Result "1-0"]
[WhiteElo "2348"]
[BlackElo "1758"]
[PlyCount "85"]
[EventDate "2011.04.19"]
[EventType "swiss"]
[EventRounds "9"]
[EventCountry "RUS"]
[SourceTitle "CBM 142 Extra"]
[Source "ChessBase"]
[SourceDate "2011.06.27"]
[SourceVersion "1"]
[SourceVersionDate "2011.06.27"]
[SourceQuality "1"]

1. d4 d6 2. Nf3 Bg4 3. h3 Bxf3 4. exf3 e5 5. Nc3 Nf6 6. Bc4 Be7 7. 0-0 exd4 8. Qxd4 Nc6 9. Bb5 0-0 10. Bxc6 bxc6 11. Qa4 c5 12. Re1 Nd7 13. Nd5 Bf6 14. Nxf6+ Nxf6 15. Bg5 h6 16. Bh4 g5 17. Bg3 Re8 18. h4 Qd7 19. Qa5 Nh5 20. hxg5 Nxg3 21. fxg3 hxg5 22. Qd2 Qf5 23. g4 Qf6 24. c3 Re6 25. Rxe6 fxe6 26. Re1 a5 27. Kf2 a4 28. Rh1 a3 29. b3 c4 30. b4 Rb8 31. Qc2 Qf7 32. Qe4 c5 33. b5 Re8 34. Rh5 Qg7 35. Qe3 Kf7 36. Rxg5 Qf6 37. Rh5 Rg8 38. Rh7+ Rg7 39. Rxg7+ Kxg7 40. g5 Qf5 41. Qe4 Qf7 42. b6 d5 43. Qe5+ 1-0

[Event "RUS-ch Seniors"]
[Site "Odintsovo"]
[Date "2011.04.21"]
[Round "3"]
[White "Ivanov, Vladimir Vlad"]
[Black "Makovetsky, Boris"]
[Result "1/2-1/2"]
[WhiteElo "1758"]
[BlackElo "2180"]
[PlyCount "71"]
[EventDate "2011.04.19"]
[EventType "swiss"]
[EventRounds "9"]
[EventCountry "RUS"]
[SourceTitle "CBM 142 Extra"]
[Source "ChessBase"]
[SourceDate "2011.06.27"]
[SourceVersion "1"]
[SourceVersionDate "2011.06.27"]
[SourceQuality "1"]

1. e4 e6 2. d4 d5 3. Nd2 Nf6 4. e5 Nfd7 5. f4 c5 6. c3 cxd4 7. cxd4 g5 8. fxg5 Qxg5 9. Ndf3 Qg7 10. Be3 Nc6 11. Ne2 a6 12. Nf4 h5 13. Be2 Be7 14. 0-0 Nf8 15. Rc1 Bd7 16. a3 h4 17. h3 Ng6 18. Nxg6 Qxg6 19. Nh2 Bg5 20. Bxg5 Qxg5 21. Ng4 Rg8 22. Nf6+ Ke7 23. Nxg8+ Rxg8 24. Rf2 Qe3 25. Rc3 Qxd4 26. Qxd4 Nxd4 27. Bh5 Rg7 28. Rc7 b5 29. Rxf7+ Rxf7 30. Bxf7 Nc6 31. Bh5 Nxe5 32. Ra7 Nc4 33. b3 Nxa3 34. Rxa6 Nc2 35. Bd1 Ne3 36. Be2 1/2-1/2

[Event "RUS-ch Seniors"]
[Site "Odintsovo"]
[Date "2011.04.20"]
[Round "2"]
[White "Radomsky, Viacheslav G"]
[Black "Ivanov, Vladimir Vlad"]
[Result "1-0"]
[WhiteElo "2145"]
[BlackElo "1758"]
[PlyCount "53"]
[EventDate "2011.04.19"]
[EventType "swiss"]
[EventRounds "9"]
[EventCountry "RUS"]
[SourceTitle "CBM 142 Extra"]
[Source "ChessBase"]
[SourceDate "2011.06.27"]
[SourceVersion "1"]
[SourceVersionDate "2011.06.27"]
[SourceQuality "1"]

1. Nf3 Nf6 2. d4 d5 3. c4 e6 4. Nc3 Be7 5. Bg5 0-0 6. e3 h6 7. Bh4 c6 8. Qc2 Nh5 9. Bxe7 Qxe7 10. g4 Nf6 11. g5 hxg5 12. Nxg5 Bd7 13. f4 b5 14. c5 g6 15. 0-0-0 Kg7 16. h4 Rh8 17. Bd3 Na6 18. Qg2 Rh6 19. Nf3 Nb4 20. Bb1 a5 21. Rdg1 Rg8 22. Ne5 Kf8 23. Qg5 Kg7 24. h5 Rgh8 25. hxg6 Rxh1 26. gxf7+ Kf8 27. Qg7# 1-0

[Event "Karelia-ch"]
[Site "Petrozavodsk"]
[Date "2011.02.25"]
[Round "6"]
[White "Ivanov, Vladimir Vlad"]
[Black "Nasonov, Vadim"]
[Result "1/2-1/2"]
[WhiteElo "1989"]
[BlackElo "2147"]
[PlyCount "112"]
[EventDate "2011.02.22"]
[EventType "swiss"]
[EventRounds "9"]
[EventCountry "RUS"]
[SourceTitle "CBM 141 Extra"]
[Source "ChessBase"]
[SourceDate "2011.05.03"]
[SourceVersion "1"]
[SourceVersionDate "2011.05.03"]
[SourceQuality "1"]

1. Nf3 d5 2. b3 e6 3. Bb2 Nf6 4. d4 Be7 5. e3 0-0 6. Nbd2 b6 7. Bd3 Bb7 8. 0-0 Nbd7 9. Ne5 c5 10. Ndf3 Rc8 11. Nxd7 Nxd7 12. Qe2 Qc7 13. c4 b5 14. cxb5 c4 15. Bc2 Qb6 16. a4 a6 17. bxc4 dxc4 18. bxa6 Bxa6 19. Bc3 Rb8 20. Rab1 Qc6 21. Rxb8 Rxb8 22. Rb1 Rxb1+ 23. Bxb1 Qxa4 24. Qc2 Qxc2 25. Bxc2 Bb5 26. Ba5 g6 27. Kf1 f5 28. Ke1 Nf6 29. Ng5 Bd7 30. Bb1 h6 31. Nf3 Bb5 32. Ne5 Bd6 33. Nxg6 Kf7 34. Nh4 Nd5 35. Nf3 Kf6 36. g3 Bc6 37. Ne5 Bxe5 38. Bd8+ Kg6 39. dxe5 Kh5 40. h3 Ba4 41. Ba5 Bb5 42. Kd2 Kg5 43. e4 fxe4 44. Bxe4 h5 45. f4+ Kh6 46. h4 Ne7 47. Bb4 Nf5 48. Bf8+ Kg6 49. Bc5 Kf7 50. Bf3 Ne7 51. Be3 Kg6 52. Be4+ Kf7 53. Kc3 Bc6 54. Bxc6 Nxc6 55. Kxc4 Ne7 56. Kc5 Nf5 1/2-1/2

[Event "Karelia-ch"]
[Site "Petrozavodsk"]
[Date "2011.02.23"]
[Round "2"]
[White "Klestov, Sergey A"]
[Black "Ivanov, Vladimir Vlad"]
[Result "0-1"]
[WhiteElo "1717"]
[BlackElo "1989"]
[PlyCount "106"]
[EventDate "2011.02.22"]
[EventType "swiss"]
[EventRounds "9"]
[EventCountry "RUS"]
[SourceTitle "CBM 141 Extra"]
[Source "ChessBase"]
[SourceDate "2011.05.03"]
[SourceVersion "1"]
[SourceVersionDate "2011.05.03"]
[SourceQuality "1"]

1. e4 c5 2. c3 d6 3. d4 Nd7 4. Nf3 b6 5. Bc4 Bb7 6. Ng5 e6 7. d5 e5 8. 0-0 h6 9. Nh3 g5 10. f3 a6 11. a4 Ne7 12. Bd3 Ng6 13. Na3 Be7 14. Nc2 Nf4 15. Nf2 Nf6 16. Ne3 Bc8 17. c4 Bd7 18. Nh1 N6h5 19. Nf2 Ng7 20. Nh1 Qc8 21. Ng3 Rb8 22. Ngf5 Rh7 23. Nxg7+ Rxg7 24. Nf5 Rh7 25. Kf2 Qc7 26. Bxf4 exf4 27. Nxe7 Kxe7 28. e5 Rhh8 29. exd6+ Qxd6 30. Qc2 Qf6 31. Kg1 Kd6 32. Rab1 Rhe8 33. Rfe1 Qd4+ 34. Kh1 Re3 35. Be4 Re8 36. Rxe3 fxe3 37. Rd1 Qe5 38. Qb3 Rb8 39. Re1 f5 40. Bc2 f4 41. Be4 b5 42. axb5 axb5 43. Qa3 bxc4 44. Qa6+ Ke7 45. Qxc4 Qd4 46. b3 Bb5 47. Qc2 e2 48. Qa2 Qf2 49. Qa7+ Kf6 50. Qa1+ Qd4 51. Qa7 Qc3 52. Qa1 Qxa1 53. Rxa1 Ra8 0-1